01419nam0a22002651 4500001001100000005001700011021001900028035002600047100004100073101000800114102000700122105001800129200010900147210005300256215002800309225016400337300017300501300024000674606007400914700007400988702003001062801001801092801002201110852002101132rc\488369120250613025900.0 aRUb[58-38475] a(NLR Aleph) 008917749 a20130426d1958 |||y0rusy50 ca0 arus aRU aa z |||||1 aСвиноводство - доходная отрасльf[Лит. запись В.В. Друзина] aФрунзеcКиргизгосиздатd1958 a27 с.cдиагр.d171 aВ ближайшие годы догоним США по производству мяса, молока и масла на душу населенияv[4] aПеред загл. авт.: П.А. Цырульников, зав. свинофермой колхоза им. Жданова, Сталинского района aВложена с 6-ю другими книгами этой серии в папку с загл. серии: Догоним США по производству мяса, молока и масла на душу населения aСвиноводствоyФрунзенская область2psbo 1aЦырульниковbП.А.gПавел Александрович 1aДрузинbВ.В.4570 0aRUbNLRgpsbo 1aRUbELAR2rusmarc aNLRj58-2/1480-4